| 000 | 00887cab a22001935a 4500 | ||
|---|---|---|---|
| 001 | L138233 | ||
| 008 | 070523e2007 xxk f 000 0 eng d | ||
| 035 | _a(Sirsi) u138233 | ||
| 041 | 0 | _aeng | |
| 100 | 1 | _aHatcher, David | |
| 245 | 0 | 0 | _aAgency 2007 |
| 260 | _c2007 | ||
| 490 | 0 |
_aProperty Week _v72(22) 18 May 2007, 35-40(6) |
|
| 520 | _aPresents a league table of property service companies. Provides statistics on turnover, previous turnover, residential element, profit and profit base. Graphs depict predicted investment yields, possibilities of mergers, and expected expansion in business activities. Reports that the mergers have affected the top ten firms considerably, and that property management is the biggest anticipated growth field. | ||
| 590 | _aKA | ||
| 651 | 4 |
_aUnited Kingdom _y |
|
| 690 | _aPROPERTY-COMMERCIAL PROPERTY-COMMERCIAL PROPERTY AGENCY | ||
| 942 | _n0 | ||
| 999 |
_c78828 _d78828 |
||